[Event "Perm op 04"]
[Site "Perm"]
[Date "2010.04.27"]
[Round "6"]
[White "Plekhov, Oleg"]
[Black "Mikheeva, Natalia"]
[Result "1-0"]
[WhiteElo "2075"]
[BlackElo "1862"]
[PlyCount "33"]
[EventDate "2010.04.22"]
[EventType "swiss"]
[EventRounds "9"]
[EventCountry "RUS"]
[SourceTitle "EXT 2012"]
[Source "ChessBase"]
[SourceDate "2011.11.24"]
[SourceVersion "1"]
[SourceVersionDate "2011.11.24"]
[SourceQuality "1"]

1. e4 Nf6 2. e5 Nd5 3. d4 d6 4. Nf3 Bg4 5. c4 Nb6 6. exd6 cxd6 7. Nc3 e6 8. Be3 Be7 9. b3 Bxf3 10. Qxf3 Nc6 11. Be2 0-0 12. 0-0 d5 13. c5 Nc8 14. a3 Bf6 15. Rad1 N8e7 16. g4 g6 17. Qxf6 1-0

[Event "Perm op 04"]
[Site "Perm"]
[Date "2010.04.24"]
[Round "3"]
[White "Syrchikov, Alexander"]
[Black "Plekhov, Oleg"]
[Result "1-0"]
[WhiteElo "2250"]
[BlackElo "2075"]
[PlyCount "77"]
[EventDate "2010.04.22"]
[EventType "swiss"]
[EventRounds "9"]
[EventCountry "RUS"]
[SourceTitle "EXT 2012"]
[Source "ChessBase"]
[SourceDate "2011.11.24"]
[SourceVersion "1"]
[SourceVersionDate "2011.11.24"]
[SourceQuality "1"]

1. d4 Nf6 2. c4 e6 3. a3 c5 4. d5 exd5 5. cxd5 d6 6. Nc3 a6 7. a4 b6 8. e4 Nbd7 9. f4 g6 10. Nf3 Bg7 11. Bd3 0-0 12. 0-0 Re8 13. Re1 Kh8 14. Ng5 Kg8 15. h3 h6 16. Nf3 Nh5 17. g4 Nhf6 18. e5 dxe5 19. fxe5 Nh7 20. e6 Ndf8 21. exf7+ Kxf7 22. Ne4 Kg8 23. Qb3 Kh8 24. Bf4 Ra7 25. Nd6 Rxe1+ 26. Rxe1 Qf6 27. Re4 Ng5 28. Nxg5 hxg5 29. Nxc8 Rf7 30. Nd6 Re7 31. Rxe7 Qxe7 32. Bg3 Bd4+ 33. Kg2 Qe3 34. Qd1 Bxb2 35. Nc4 Qc1 36. Be5+ Kh7 37. Nxb2 Qe3 38. Nc4 Qf2+ 39. Kxf2 1-0

[Event "Perm op 04"]
[Site "Perm"]
[Date "2010.04.22"]
[Round "1"]
[White "Artemenko, Rimma"]
[Black "Plekhov, Oleg"]
[Result "0-1"]
[WhiteElo "1577"]
[BlackElo "2075"]
[PlyCount "140"]
[EventDate "2010.04.22"]
[EventType "swiss"]
[EventRounds "9"]
[EventCountry "RUS"]
[SourceTitle "EXT 2012"]
[Source "ChessBase"]
[SourceDate "2011.11.24"]
[SourceVersion "1"]
[SourceVersionDate "2011.11.24"]
[SourceQuality "1"]

1. e4 e5 2. Nc3 Nf6 3. d3 Nc6 4. f4 d6 5. Nd5 Nxd5 6. exd5 Ne7 7. c4 exf4 8. Bxf4 Ng6 9. Bg3 Be7 10. Nf3 0-0 11. d4 Bf6 12. Be2 Re8 13. 0-0 Bg4 14. Qd3 Qe7 15. Rae1 Qd7 16. Bd1 Bf5 17. Qd2 Bg4 18. Bf2 Bf5 19. Rxe8+ Rxe8 20. b4 h6 21. Ne1 Bg5 22. Qc3 Nf4 23. a4 Ne2+ 24. Bxe2 Rxe2 25. b5 Bd2 26. Qf3 Bg4 27. Qg3 Qf5 28. h3 Bh5 29. Qb3 Qe4 30. Nf3 Bxf3 31. Qxf3 Qxf3 32. gxf3 Be3 33. c5 dxc5 34. Bxe3 Rxe3 35. dxc5 Rd3 36. b6 axb6 37. cxb6 cxb6 38. Rb1 Rxd5 39. Rxb6 Ra5 40. Rb4 Kf8 41. Kf2 Ke8 42. Ke3 Re5+ 43. Kd3 Re7 44. Kd4 Kd8 45. a5 Kc7 46. Kd5 Re3 47. Rf4 Re7 48. Rc4+ Kb8 49. Kd6 Re6+ 50. Kd7 Rf6 51. f4 Rf5 52. Ke7 Ka7 53. Re4 Ka6 54. Kf8 g6 55. Kg7 h5 56. h4 Kxa5 57. Re5+ b5 58. Rxf5 gxf5 59. Kxf7 b4 60. Kg6 b3 61. Kxh5 b2 62. Kg6 b1Q 63. h5 Qe4 64. Kg5 Qg2+ 65. Kxf5 Qg7 66. Ke6 Qh6+ 67. Ke5 Qxh5+ 68. Ke6 Qg6+ 69. Ke5 Kb5 70. f5 Qf7 0-1

[Event "Perm op2 01"]
[Site "Perm"]
[Date "2009.01.12"]
[Round "6"]
[White "Uljianova, Nadezhda"]
[Black "Plekhov, Oleg"]
[Result "1/2-1/2"]
[WhiteElo "2061"]
[BlackElo "2014"]
[PlyCount "103"]
[EventDate "2009.01.12"]
[EventType "swiss"]
[EventRounds "8"]
[EventCountry "RUS"]
[SourceTitle "EXT 2022"]
[Source "ChessBase"]
[SourceDate "2021.10.06"]
[SourceVersion "1"]
[SourceVersionDate "2021.10.06"]
[SourceQuality "1"]

1. d4 Nf6 2. c4 e6 3. Nc3 d5 4. cxd5 exd5 5. Bg5 Be7 6. e3 h6 7. Bh4 c6 8. Qc2 0-0 9. Bd3 Nbd7 10. Nge2 b6 11. f3 Bb7 12. 0-0-0 c5 13. g4 Ne8 14. Bf2 c4 15. Bh7+ Kh8 16. Bf5 Nd6 17. h4 Nxf5 18. Qxf5 g6 19. Qc2 a6 20. Nf4 Nf6 21. g5 Ng8 22. h5 Bxg5 23. hxg6 Bxf4 24. g7+ Kxg7 25. exf4 Qd6 26. f5 Qf4+ 27. Kb1 Bc8 28. f6+ Qxf6 29. Rdg1+ Kh8 30. Rh5 Qxf3 31. Rgh1 Qd3 32. Be3 Qxc2+ 33. Kxc2 Be6 34. Nxd5 Bxd5 35. Rxd5 Rfe8 36. Bxh6 Nxh6 37. Rxh6+ Kg7 38. Rxb6 Re6 39. Rxe6 fxe6 40. Rc5 Kf6 41. Rxc4 Ke7 42. Kc3 Kd6 43. Rc5 Rb8 44. b4 Rb6 45. Kc4 Rb8 46. a4 Rb7 47. d5 exd5+ 48. Rxd5+ Kc6 49. Rh5 Rg7 50. Rh6+ Kb7 51. Rh5 Rc7+ 52. Kb3 1/2-1/2

[Event "Perm op-B 11"]
[Site "Perm"]
[Date "2008.11.26"]
[Round "7"]
[White "Plekhov, Oleg"]
[Black "Baturin, Viktor"]
[Result "1-0"]
[WhiteElo "2100"]
[BlackElo "2065"]
[PlyCount "53"]
[EventDate "2008.11.20"]
[EventType "swiss"]
[EventRounds "7"]
[EventCountry "RUS"]
[SourceTitle "EXT 2022"]
[Source "ChessBase"]
[SourceDate "2021.10.06"]
[SourceVersion "1"]
[SourceVersionDate "2021.10.06"]
[SourceQuality "1"]

1. e4 c5 2. c3 d5 3. exd5 Qxd5 4. Nf3 Nc6 5. d4 Bg4 6. Be2 cxd4 7. cxd4 e6 8. 0-0 Nf6 9. Nc3 Qd8 10. h3 Bh5 11. Be3 Be7 12. Qb3 Qc8 13. Rac1 0-0 14. d5 exd5 15. Nxd5 Nxd5 16. Qxd5 Bg6 17. Ne5 Bf6 18. Nxc6 bxc6 19. Rxc6 Qb7 20. b3 Rac8 21. Rfc1 Rxc6 22. Qxc6 Qe7 23. Bf3 Qa3 24. Qa4 Qxa4 25. bxa4 a6 26. Be2 Ra8 27. Bxa6 1-0

[Event "Perm op-B 11"]
[Site "Perm"]
[Date "2008.11.25"]
[Round "6"]
[White "Dragunov, Viacheslav"]
[Black "Plekhov, Oleg"]
[Result "1-0"]
[WhiteElo "2265"]
[BlackElo "2100"]
[PlyCount "79"]
[EventDate "2008.11.20"]
[EventType "swiss"]
[EventRounds "7"]
[EventCountry "RUS"]
[SourceTitle "EXT 2022"]
[Source "ChessBase"]
[SourceDate "2021.10.06"]
[SourceVersion "1"]
[SourceVersionDate "2021.10.06"]
[SourceQuality "1"]

1. Nf3 d5 2. c4 e6 3. g3 Nf6 4. Bg2 b6 5. 0-0 Bb7 6. b3 Be7 7. Bb2 0-0 8. d3 c5 9. Nbd2 d4 10. b4 Nbd7 11. b5 Qc7 12. Qb3 e5 13. Rae1 e4 14. Nh4 Rfe8 15. dxe4 Nxe4 16. Nhf3 Nxd2 17. Nxd2 Bxg2 18. Kxg2 Bf6 19. Kg1 Re7 20. Nf3 Rae8 21. Qd3 Ne5 22. Nxe5 Bxe5 23. Bc1 Qb7 24. e3 Qf3 25. Qd1 Qxd1 26. Rxd1 f5 27. Rd3 Kf7 28. Ra3 g6 29. Kg2 h5 30. Rd1 Rd8 31. Rad3 Red7 32. Ra3 dxe3 33. Rxd7+ Rxd7 34. Rxe3 Bb8 35. Rc3 Rd8 36. Be3 Rd1 37. a4 f4 38. gxf4 Ra1 39. Rd3 Ra2 40. Rd8 1-0

[Event "Perm op 07"]
[Site "Perm"]
[Date "2008.07.18"]
[Round "2"]
[White "Goldshtein, Grigory"]
[Black "Plekhov, Oleg"]
[Result "0-1"]
[WhiteElo "2184"]
[BlackElo "2091"]
[PlyCount "58"]
[EventDate "2008.07.17"]
[EventType "swiss"]
[EventRounds "8"]
[EventCountry "RUS"]
[SourceTitle "EXT 2022"]
[Source "ChessBase"]
[SourceDate "2021.10.06"]
[SourceVersion "1"]
[SourceVersionDate "2021.10.06"]
[SourceQuality "1"]

1. d4 e6 2. c4 d5 3. Nc3 f5 4. cxd5 exd5 5. Bf4 Nf6 6. e3 Bd6 7. Bg3 0-0 8. Bd3 c6 9. Nge2 Qe7 10. a3 Be6 11. b4 Nbd7 12. 0-0 Ne4 13. Bxd6 Qxd6 14. b5 Ndf6 15. h3 Rae8 16. bxc6 bxc6 17. Na4 Kh8 18. Qc2 g5 19. Rfc1 Bd7 20. Nc5 Bc8 21. Na4 Bd7 22. f3 Ng3 23. Nxg3 Qxg3 24. Bxf5 Bxf5 25. Qxf5 h5 26. Qc2 Rxe3 27. Qf2 Qf4 28. Rxc6 Qxd4 29. Nb2 Ne4 0-1